000
00255nam a22001097a 4500
008
160520b xxu||||| |||| 00| 0 eng d
020
_a
9781885219343
041
_a
eng
080
_a
316.77
245
_a
The media in America:
_c
David Sloan;
942
_2
udc
_c
BK
999
_c
2282
_d
2282